Fish! (Record no. 108212)
[ view plain ]
| 000 -LEADER | |
|---|---|
| fixed length control field | 00695cam a22002055a 4500 |
| 001 - CONTROL NUMBER | |
| control field | L143545 |
| 008 - FIXED-LENGTH DATA ELEMENTS--GENERAL INFORMATION | |
| fixed length control field | 080516s2001 xxk f 000 0 eng d |
| 020 ## - INTERNATIONAL STANDARD BOOK NUMBER | |
| International Standard Book Number | 9780340819807 |
| 035 ## - SYSTEM CONTROL NUMBER | |
| System control number | (Sirsi) u143545 |
| 041 0# - LANGUAGE CODE | |
| Language code of text/sound track or separate title | eng |
| 100 1# - MAIN ENTRY--PERSONAL NAME | |
| Personal name | Lundin, Stephen |
| 245 00 - TITLE STATEMENT | |
| Title | Fish! |
| Remainder of title | a remarkable way to boost morale and improve results |
| 260 ## - PUBLICATION, DISTRIBUTION, ETC. | |
| Place of publication, distribution, etc. | London |
| Name of publisher, distributor, etc. | Hodder and Stoughton |
| Date of publication, distribution, etc. | 2001 |
| 300 ## - PHYSICAL DESCRIPTION | |
| Extent | 112p. |
| Dimensions | 20cm. |
| 520 ## - SUMMARY, ETC. | |
| Summary, etc. | Parable-style book underlines the importance of fostering good morale among employees. Offers strategies for energising staff attitudes and generating passion for work. |
| 651 #4 - SUBJECT ADDED ENTRY--GEOGRAPHIC NAME | |
| Geographic name | International |
| 700 1# - ADDED ENTRY--PERSONAL NAME | |
| Personal name | Paul, Harry |
| 700 1# - ADDED ENTRY--PERSONAL NAME | |
| Personal name | Christensen, John |
| 942 ## - ADDED ENTRY ELEMENTS (KOHA) | |
| Suppress in OPAC | 0 |
| Withdrawn status | Lost status | Damaged status | Not for loan | Home library | Current library | Shelving location | Date acquired | Total Checkouts | Full call number | Barcode | Date last seen | Date last checked out | Copy number | Price effective from | Koha item type | Source of classification or shelving scheme |
|---|---|---|---|---|---|---|---|---|---|---|---|---|---|---|---|---|
| Missing | London | London | Missing | 16/05/2008 | 4 | STAFF LUND | 30074797 | 06/08/2019 | 24/12/2010 | 1 | 06/08/2019 | Book | ||||
| London | London | Staff library | 18/06/2012 | STAFF LUND | 30077478 | 06/08/2019 | 2 | 06/08/2019 | Book | Dewey Decimal Classification |